Pokémon Deutsch = Englisch - Statistiken

Allgemein
  • Dieses Quiz wurde 24 mal gespielt
  • Das Durchschnittsergebnis liegt bei 40 aus 184
Antwortstatistiken
Nr. Antwort % Korrekt
0025 Pikachu
89%
0151 Mew
84%
0026 Raichu
74%
0024 Arbok
58%
0383 Groudon
58%
0034 Nidoking
58%
0031 Nidoqueen
58%
0032 Nidoran (m)
58%
0029 Nidoran (w)
58%
0030 Nidorina
58%
0033 Nidorino
58%
0493 Arceus
47%
0251 Celebi
47%
0491 Darkrai
47%
0042 Golbat
47%
0382 Kyogre
47%
0249 Lugia
47%
0172 Pichu
47%
0384 Rayquaza
47%
0145 Zapdos
47%
0041 Zubat
47%
0386 Deoxys
42%
0483 Dialga
42%
0147 Dratini
42%
0244 Entei
42%
0250 Ho-Oh
42%
0484 Palkia
42%
0243 Raikou
42%
0378 Regice
42%
0486 Regigigas
42%
0377 Regirock
42%
0379 Registeel
42%
0643 Reshiram
42%
0492 Shaymin
42%
0245 Suicune
42%
0644 Zekrom
42%
0142 Aerodactyl
37%
0488 Cresselia
37%
0487 Giratina
37%
0485 Heatran
37%
0140 Kabuto
37%
0141 Kabutops
37%
0647 Keldeo
37%
0380 Latias
37%
0381 Latios
37%
0490 Manaphy
37%
0046 Paras
37%
0489 Phione
37%
0895 Regidrago
37%
0894 Regieleki
37%
0037 Vulpix
37%
0063 Abra
32%
0719 Diancie
32%
0385 Jirachi
32%
0064 Kadabra
32%
1007 Koraidon
32%
0646 Kyurem
32%
1008 Miraidon
32%
0095 Onix
32%
0127 Pinsir
32%
0716 Xerneas
32%
0717 Yveltal
32%
0239 Elekid
26%
0094 Gengar
26%
0720 Hoopa
26%
0131 Lapras
26%
0246 Larvitar
26%
0166 Ledian
26%
0240 Magby
26%
0241 Miltank
26%
0137 Porygon
26%
0247 Pupitar
26%
0114 Tangela
26%
0128 Tauros
26%
0175 Togepi
26%
0176 Togetic
26%
0494 Victini
26%
0888 Zacian
26%
0889 Zamazenta
26%
0893 Zarude
26%
0718 Zygarde
26%
0168 Ariados
21%
0163 Hoothoot
21%
0165 Ledyba
21%
0801 Magearna
21%
0126 Magmar
21%
0648 Meloetta
21%
0233 Porygon2
21%
0474 Porygon-Z
21%
0468 Togekiss
21%
0217 Ursaring
21%
0181 Ampharos
16%
0132 Ditto
16%
0649 Genesect
16%
0099 Kingler
16%
0098 Krabby
16%
0792 Lunala
16%
0082 Magneton
16%
0809 Melmetal
16%
0808 Meltan
16%
0177 Natu
16%
0791 Solgaleo
16%
0901 Ursaluna
16%
0721 Volcanion
16%
0178 Xatu
16%
0807 Zeraora
16%
0184 Azumarill
11%
0323 Camerupt
11%
0216 Teddiursa
11%
0210 Granbull
11%
0097 Hypno
11%
0314 Illumise
11%
0352 Kecleon
11%
0171 Lanturn
11%
0462 Magnezone
11%
0183 Marill
11%
0802 Marshadow
11%
0376 Metagross
11%
0375 Metang
11%
0800 Necrozma
11%
0224 Octillery
11%
1017 Ogerpon
11%
0223 Remoraid
11%
0209 Snubbull
11%
0357 Tropius
11%
0313 Volbeat
11%
0320 Wailmer
11%
0321 Wailord
11%
0359 Absol
5%
0298 Azurill
5%
0437 Bronzong
5%
0412 Burmy
5%
0789 Cosmog
5%
0232 Donphan
5%
0670 Floette
5%
0423 Gastrodon
5%
0281 Kirlia
5%
0448 Lucario
5%
0404 Luxio
5%
0219 Magcargo
5%
0296 Makuhita
5%
0350 Milotic
5%
0312 Minun
5%
0231 Phanpy
5%
0311 Plusle
5%
0369 Relicanth
5%
0447 Riolu
5%
0479 Rotom
5%
0398 Staraptor
5%
0397 Staravia
5%
0121 Starmie
5%
0772 Typ:Null
5%
0193 Yanma
5%
0469 Yanmega
5%
0334 Altaria
0%
0347 Anorith
0%
0348 Armaldo
0%
0354 Banette
0%
0702 Dedenne
0%
0587 Emolga
0%
0981 Farigiraf
0%
0456 Finneon
0%
0669 Flabébé
0%
0671 Florges
0%
0203 Girafarig
0%
0297 Hariyama
0%
0449 Hippopotas
0%
0457 Lumineon
0%
0877 Morpeko
0%
0290 Nincada
0%
0291 Ninjask
0%
0417 Pachirisu
0%
0279 Pelipper
0%
0315 Roselia
0%
0407 Roserade
0%
0353 Shuppet
0%
0325 Spoink
0%
0777 Togedemaru
0%
0848 Toxel
0%
0329 Vibrava
0%
0666 Vivillon
0%
0278 Wingull
0%
0571 Zoroark
0%
0570 Zorua
0%
Keine übereinstimmenden Quizze gefunden
Verteilung der Resultate
Anzahl Personen mit jedem Resultat
Perzentil nach korrekt beantworteten Fragen
Ihre Resultats-Entwicklung
Sie haben dieses Quiz noch nicht gespielt